Wszystkie zajezdnie Autobusów w Szczecinie - Statystyki

Ogólne statystyki
  • Ten quiz został rozwiązany 4 razy
  • Średni wynik to 14 z 20
Statystyki odpowiedzi
Zajezdnia % Poprawnych
8 Gumieńce
100%
4 Kołłątaja
100%
7 Plac Rodła
100%
5 Podbórz
100%
19 Turkusowa
100%
2 Basen Górniczy
75%
1 Głębokie
75%
6 Gocław
75%
13 Kijewo
75%
15 Ludowa
75%
11 Osiedle Bukowe
75%
10 Osiedle Słoneczne
75%
18 Plac Kościuszki
75%
12 Osiedle Arkońskie
50%
9 Osiedle Zawadzkiego
50%
17 Stocznia Szczecińska
50%
20 Wielgowo Borsucza
50%
14 Załom Leśna
50%
3 Struga Zajezdnia
25%
16 Zakłady Piekarnicze
25%
Nie znaleziono quizów pasujących do podanych kryteriów
Rozkład punktacji
Procent ludzi z każdym wynikiem
Percentyl według liczby udzielonych odpowiedzi
Twoja historia wyników
Nie rozwiązałeś tego quizu